| 000 | 00397nam a2200157Ia 4500 | ||
|---|---|---|---|
| 003 | Ost | ||
| 005 | 20260225132538.0 | ||
| 008 | 260225s9999||||xx |||||||||||||| ||und|| | ||
| 040 | _cfsic | ||
| 041 | _afre | ||
| 082 | _a658.45 | ||
| 100 |
_aFanely noutyenthan _eAuteur |
||
| 245 | 0 | _aLa communication une stratégie au service de l'entreprise / | |
| 245 | 0 | _cFanely noutyenthan | |
| 942 | _cكتاب | ||
| 999 |
_c33338 _d33338 |
||